Propuesta de mejora del sistema de planificación de la producción aplicada a la empresa Panadería Lanuza, Estelí, Nicaragua
La propuesta mencionada tiene como fin el implementar un progreso en el método de producción en el que se realice una solución a los puntos de producción, en el sector de inventario de materia prima y producto terminado, con el seguimiento de la propuesta de este sistema la panadería brindará...
| Main Authors: | , , |
|---|---|
| Other Authors: | |
| Format: | Tesis Section = Libro |
| Language: | Undetermined Spanish |
| Published: |
Managua
UNI
2021
|
| Subjects: |
| LEADER | 01461nam a2200265Ia 4500 | ||
|---|---|---|---|
| 008 | 240830s9999 xx 000 0 und d | ||
| 040 | |a BIBLIOTECA-RUPAP/ Mon 658.5 M385 | ||
| 041 | |a spa | ||
| 082 | |a Mon 658.5 M385 | ||
| 100 | 1 | |a Martínez Aguirre, Marvin Ramón | |
| 100 | 1 | |b Galeano Castillo, José Armando | |
| 100 | 1 | |c Tercero Moreno, Carlos Alberto | |
| 245 | 1 | 0 | |a Propuesta de mejora del sistema de planificación de la producción aplicada a la empresa Panadería Lanuza, Estelí, Nicaragua |
| 260 | |a Managua |b UNI |c 2021 | ||
| 300 | |a 87 p.:il. | ||
| 500 | |a Contiene: anexos y CD. | ||
| 502 | |a Tesis (Ingeniero Industrial) - UNI, 2021. | ||
| 520 | 3 | |a La propuesta mencionada tiene como fin el implementar un progreso en el método de producción en el que se realice una solución a los puntos de producción, en el sector de inventario de materia prima y producto terminado, con el seguimiento de la propuesta de este sistema la panadería brindará una respuesta óptima al problema que presenta la empresa en su área de inventarios (materia prima y producto terminado) y así presentar diferentes tipos de soluciones para una producción mucho más factible a la que se está elaborando. | |
| 650 | 7 | |a PLANIFICACIÓN DE LA PRODUCCIÓN | |
| 650 | 7 | |b PLANIFICACION EMPRESARIAL | |
| 650 | 7 | |c SISTEMA DE PRODUCCION | |
| 700 | 1 | |a Tutor: |b Pineda Rodríguez, Keylin Mayela | |
| 942 | |c BK |2 ddc | ||
| 991 | |a TESIS | ||
| 999 | |c 19123 | ||